| 000 | 005630000a22001810004500 | ||
|---|---|---|---|
| 003 | MACL | ||
| 005 | 20160315155612.0 | ||
| 008 | 160315b xxu||||| |||| 00| 0 eng d | ||
| 040 |
_aMACL _cMACL |
||
| 041 | _aHindi | ||
| 082 | _a920 | ||
| 100 |
_aरामचन्द्र रघुनाथ सर्वटे _946210 |
||
| 245 | _aमहात्मा अब्राहम लिंकन | ||
| 260 |
_bज्ञानमण्डल काशी _c1974 _aकाशी |
||
| 350 | _a.50 | ||
| 650 |
_aBiography _946211 |
||
| 942 |
_cHIN _k920 _2ddc |
||
| 999 |
_c23107 _d23107 |
||